Indienfahrt / (Record no. 187144)

MARC details
000 -LEADER
campo de control de longitud fija 00553nam a2200169 i 4500
001 - NÚMERO DE CONTROL
campo de control 187144
003 - IDENTIFICADOR DE NÚMERO DE CONTROL
campo de control ES-MaACL
005 - FECHA Y HORA DE LA ÚLTIMA TRANSACCIÓN
campo de control 20230906222827.0
008 - DATOS DE LONGITUD FIJA--INFORMACIÓN GENERAL
campo de control de longitud fija 170424s1922 gw |||| | ger d
080 ## - NÚMERO DE LA CLASIFICACIÓN DECIMAL UNIVERSAL
Número de la Clasificación Decimal Universal 908(540)
100 1# - ENTRADA PRINCIPAL--NOMBRE DE PERSONA
Nombre de persona Bonsels, Waldemar.
9 (RLIN) 30299
245 10 - MENCIÓN DEL TÍTULO
Título Indienfahrt /
Mención de responsabilidad, etc. Waldemar Bonsels.
260 ## - PUBLICACIÓN, DISTRIBUCIÓN, ETC.
Lugar de publicación, distribución, etc. Frankfurt am Main :
Nombre del editor, distribuidor, etc. Rütten & Loening,
Fecha de publicación, distribución, etc. 1922.
300 ## - DESCRIPCIÓN FÍSICA
Extensión 259 p. ;
Dimensiones 22 cm.
651 #4 - PUNTO DE ACCESO ADICIONAL DE MATERIA--NOMBRE GEOGRÁFICO
Nombre geográfico India-
Subdivisión general Descripción.
9 (RLIN) 8839
852 ## - LOCALIZACIÓN
Ubicación ES-MaACL
Número de control de estantería L-31472
Nota libre - enc. cart.
-- - Donat. herederos de la bibl. de Mª del Pilar Costa Palacín
Holdings
Estatus retirado Estado de pérdida Estado de daño No para préstamo Biblioteca de origen Biblioteca actual Ubicación en estantería Fecha de adquisición Fuente de adquisición Total de préstamos Signatura topográfica completa Código de barras Visto por última vez Precio de reemplazo Tipo de ítem Koha
        Biblioteca del Ateneo de Madrid Biblioteca del Ateneo de Madrid Depósito 2 24/04/2017     L-31472 1197441 23/02/2023 23/02/2023 Libro impreso